| 000 | 01040nam a2200205 a 4500 | ||
|---|---|---|---|
| 008 | 100121s2005 ||||||||||||||||| || u | ||
| 020 | _a1843695618 | ||
| 050 | _aIIED(02) | ||
| 100 | _aSatterthwaite, David | ||
| 245 | 1 | 0 |
_aHow to make poverty history : the central role of local organizations in meeting the MDG's _cEdited by Tom Bigg and David Satterthwaite |
| 260 |
_aLondon: _bInternational Institute for Environment and Development _c2005 |
||
| 300 | _ax, 184 pages : illustrations | ||
| 350 | _a0.00 | ||
| 650 | _aPOOR--RESEARCH--DEVELOPING COUNTRIES | ||
| 650 | _aPOVERTY--ECONOMIC HISTORY | ||
| 700 | _aBigg, Tom | ||
| 710 | _aInternational Institute for Environment and Development (IIED) | ||
| 995 |
_aSPECIAL COLLECTIONS _D0.00 _e03006677 _FCBU-MAIN LIBRARY (Kitwe) _H1 _I0.00 _jIIE(02)2005/1A _M2 _UAVAILABLE _WJun 28, 2010 _y03006677 _ZInternational Publications |
||
| 995 |
_aSPECIAL COLLECTIONS _D0.00 _e03006679 _FCBU-MAIN LIBRARY (Kitwe) _H1 _I0.00 _jIIED(02)2005/1B _M3 _UAVAILABLE _WJun 28, 2010 _y03006679 _ZInternational Publications |
||
| 999 |
_c76375 _d76375 |
||